000 00705nam a2200277Ia 4500
003 OSt
005 20221005090329.0
006 a|||||r|||| 00| 0
007 ta
008 221004b |||||||| |||| 00| 0 eng d
020 _a0321060490
024 _a29136
037 _cTextual
040 _aCRL
_cCRL
_beng
041 _2eng
_aeng
082 _aS, N9
100 _aZimbardo Philuip G
_9615167
245 0 _aPsychology and life
250 _a15th
260 _aNew York
_bLongman
_c1999
300 _a808p.
_ccm.
650 _aPSYCHOLOGY
700 _a Gerrig Richard J
_9615168
942 _hS, N9
_cTEXL
_2cc
999 _c995615
_d995615